EL HABLA DE GUANAJUATO /

INCLUYE BIBLIOGRAFIA E INDICE

Guardado en:
Detalles Bibliográficos
Autor principal: Bowman, Peter Boyd (autor)
Formato: Libro
Temas:
Etiquetas: Agrega una etiqueta
Sin etiquetas, Sé el primero en etiquetar este registro!

MARC

LEADER 00000nam^a2200000^a^4500
001 000244411
005 20250521000000.0
009 20260310105418.529
035 |a 067624 
037 |a Acervo Xavier Clavigero 
082 |a 460.  |b BOW 
100 |a Bowman, Peter Boyd  |e (autor) 
245 1 3 |a EL HABLA DE GUANAJUATO /  |c PETER BOYD BOWMAN 
264 |a MEXICO :  |b IMPRENTA UNIVERSITARIA,  |c 1960 
300 |a 411 p. 
336 |a texto  |b txt  |2 rdacontenido 
337 |a sin mediación  |b n  |2 rdamedio 
338 |a volumen  |b nc  |2 rdasoporte 
520 |a INCLUYE BIBLIOGRAFIA E INDICE 
649 |a XX 
650 |a Español en Guanajuato 
650 |a Español en México 
910 |a Fondo General 
920 |a Impresos - Libros 
930 |a Colección General 
905 |a 101 
901 |a 067624  |b IT1  |c ACC  |i 067624  |u 20250521 
902 |a https://opac.biblio.iteso.mx/vufind/Record/000244411